《大东北我的家乡》歌词 - Statistics

General Stats
  • This quiz has been taken 28 times
  • The average score is 8 of 16
Answer Stats
歌词 % Correct
大东北是我的家乡
96%
大东北是我的家乡
96%
唢呐吹出了美美的模样
80%
风吹麦浪稻花儿香
56%
黑土地养育着咱的爹娘
52%
每年的冬天都大雪飞扬
52%
东北人爱吃那酸菜血肠
52%
哥们儿相聚必须整二两
52%
热热的炕头上唠唠家常
48%
蓝蓝的天上白云飘荡
40%
清澈的小河在潺潺流淌
40%
秧歌扭起来人们喜洋洋
40%
醉了月亮暖了我心肠
36%
东北人的情东北人的爱
36%
我就在这嘎达土生土长
32%
贼拉拉的爱你呀我的家乡
32%
No matching quizzes found
Score Distribution
Percent of People with Each Score
Percentile by Number Answered
Your Score History
You have not taken this quiz